000 00782nam a2200229Ii 4500
003 JO-AjNU
005 20240911101506.0
008 230605s9999||||xx |||||||||||||| ||und||
040 _aJO-AjNU
_bara
_erda
_cJO-AjNU
041 _aara
050 1 4 _aBF698.1991
100 3 _aلجنة الترجمة والتعريب في دار الافاق الجديدة/ترجمة,
_eauthor
_97884
245 0 0 _aكيف تصبح عبقريا : اختبارات تساعد على تطوير قدراتك
250 _aط3
264 3 1 _aبيروت:دار الجيل ،دار الافاق الجديدة ، 1991
300 _a133ص
336 _atext
_btxt
_2rdacontent
337 _aunmediated
_bn
_2rdamedia
338 _avolume
_bnc
_2rdacarrier
650 4 _aعبقرية
_97885
942 _2lcc
_cBK
999 _c4073
_d4073